[Event "Bohumin op-B 6th"]
[Site "Bohumin"]
[Date "2023.07.08"]
[Round "8"]
[White "Krotki, Lukas"]
[Black "Shystarova, Svitlana"]
[Result "0-1"]
[WhiteElo "1375"]
[BlackElo "1703"]
[PlyCount "48"]
[EventDate "2023.07.01"]
[EventType "swiss"]
[EventRounds "9"]
[EventCountry "CZE"]
[SourceTitle "EXT 2024"]
[Source "ChessBase"]
[SourceDate "2023.10.10"]
[SourceVersion "1"]
[SourceVersionDate "2023.10.10"]
[SourceQuality "1"]

1. Nf3 Nf6 2. b3 d5 3. Bb2 Bf5 4. d4 e6 5. g3 c5 6. Bg2 Nc6 7. 0-0 Rc8 8. Nbd2 cxd4 9. Bxd4 Bxc2 10. Bxf6 Bxd1 11. Bxd8 Bxe2 12. Bg5 Bxf1 13. Bxf1 Be7 14. Bxe7 Kxe7 15. Rc1 Nd4 16. Rxc8 Nxf3+ 17. Nxf3 Rxc8 18. Nd4 Rc1 19. Kg2 Rd1 20. Nb5 a6 21. Nc3 Rd2 22. a3 Rc2 23. Na4 b5 24. Bd3 Ra2 0-1